| 000 | 00327nam a22001097a 4500 | ||
|---|---|---|---|
| 082 | _a808.5 MUL'S | ||
| 100 |
_aGILMAN, WILBUR,MULGRAVE, DOROTHY,PRONOVAST, WILBERT _957831 |
||
| 245 | _aSPEECH A HANDBOOK OF VOICE TRAINING DICTION AND PUBLIC SPEAKING | ||
| 260 |
_aNEWYORK _bBARNBES & NOBLE _c1954 |
||
| 300 | _a270P | ||
| 942 | _cBK | ||
| 999 |
_c568082 _d568082 |
||